|
|
|
|
| LEADER |
02271nem a2200493 i 4500 |
| 001 |
001685743 |
| 003 |
CZ BrMZK |
| 005 |
20190531103646.0 |
| 007 |
aj|canzn |
| 008 |
190530s1950 xr zz a 0| cze d |
| 034 |
1 |
|
|a a
|b 200000
|d E0165000
|e E0182900
|f N0493340
|g N0484600
|
| 040 |
|
|
|a BOA001
|b cze
|e rda
|
| 043 |
|
|
|a e-xr---
|b e-xr-zl
|2 czenas
|
| 072 |
|
7 |
|a 913(437)
|x Geografie Česka a Slovenska, reálie, cestování
|2 Konspekt
|9 7
|
| 072 |
|
7 |
|a 912
|x Mapy. Atlasy. Glóby
|2 Konspekt
|9 7
|
| 072 |
|
7 |
|a 35.07
|x Organizace a řízení veřejné správy
|9 15
|
| 072 |
|
7 |
|a 352/354
|x Stupně místní, oblastní a ústřední správy
|9 15
|
| 080 |
|
|
|a 353.2
|2 MRF
|
| 080 |
|
|
|a 35.071.5
|2 MRF
|
| 080 |
|
|
|a (437.323)
|2 MRF
|
| 080 |
|
|
|a (084.3)913
|2 MRF
|
| 110 |
2 |
|
|a Státní zeměměřický a kartografický ústav
|7 mzk20181002757
|4 ctg
|4 pbl
|4 prt
|
| 245 |
0 |
0 |
|a Kraj Gottwaldovský.
|n Č. 12 /
|c Vydal a vytiskl Státní zeměměřický a kartografický ústav v Praze
|
| 250 |
|
|
|a IV. vydání
|
| 255 |
|
|
|a Měřítko 1:200 000 ;
|b Stejnoploché Sansonovo zobrazení
|c (E 16°50'00"--E 18°29'00"/N 49°33'40"--N 48°46'00")
|
| 264 |
|
1 |
|a Praha :
|b Vydal Státní zeměměřický a kartografický ústav v Praze,
|c 1950
|
| 264 |
|
3 |
|a Praha :
|b Vytiskl Státní zeměměřický a kartografický ústav v Praze,
|c 1950
|
| 300 |
|
|
|a 1 mapa :
|b barevná ;
|c 44 x 60 cm, na listu 53 x 68 cm
|
| 336 |
|
|
|a kartografický obraz
|b cri
|2 rdacontent
|
| 337 |
|
|
|a bez média
|b n
|2 rdamedia
|
| 338 |
|
|
|a list
|b nb
|2 rdacarrier
|
| 490 |
1 |
|
|a Mapy krajů 1:200 000 ;
|v Č. 12, 1950
|
| 500 |
|
|
|a Na rubu listu titul, informační text o kraji, statistiky a tabulky
|
| 500 |
|
|
|a Další údaje: IV. vydání (1950) ; Čís. výr. 245/50
|
| 500 |
|
|
|a Dostupné též v digitální podobě v aplikaci Kramerius
|
| 650 |
|
7 |
|a kraje
|7 ph121922
|2 czenas
|
| 650 |
|
7 |
|a správní obvody
|7 ph172914
|2 czenas
|
| 651 |
|
7 |
|a Gottwaldovský kraj (Česko : 1949-1960)
|7 xx0047600
|2 czenas
|
| 655 |
|
7 |
|a regionální mapy
|7 fd808073
|2 czenas
|
| 830 |
|
0 |
|a Mapy krajů 1:200 000 ;
|v Č. 12, 1950
|
| 856 |
4 |
1 |
|u http://www.digitalniknihovna.cz/mzk/uuid/uuid:5025b9d0-9723-11e9-9209-005056827e51
|y Digitalizovaný dokument
|x NDK
|
| 910 |
|
|
|a BOA001
|b Mpa-0255.654,12-50
|
| 990 |
|
|
|a MP
|
| 991 |
|
|
|b 201905
|